ბათუმის შოთა რუსთაველის სახელმწიფო უნივერსიტეტის ბიბლიოთეკა

ლექსები,პოემები (ბიბ.ჩანაწერი № 50645)

000 -LEADER
fixed length control field 00757nam a2200229Ia 4500
001 - CONTROL NUMBER
control field 17595
003 - CONTROL NUMBER IDENTIFIER
control field GE_BSU
008 - FIXED-LENGTH DATA ELEMENTS--GENERAL INFORMATION
fixed length control field 181216s||||||||xx |||||||||||||| ||und||
040 ## - CATALOGING SOURCE
Transcribing agency GE_BSU
080 ## - UNIVERSAL DECIMAL CLASSIFICATION NUMBER
Universal Decimal Classification number 821.353.1-1 +821.353.1-11
100 ## - MAIN ENTRY--PERSONAL NAME
Personal name კუპრავა,ოთარ
245 ## - TITLE STATEMENT
Title ლექსები,პოემები
245 ## - TITLE STATEMENT
Statement of responsibility, etc. ბოლოსიტყ.ავტ.:ზ.ლორთქიფანიძე;რედ.:ლ.არაბიძე; მხატვ.:სპ.ცინცაძე
260 ## - PUBLICATION, DISTRIBUTION, ETC.
Place of publication, distribution, etc. თბილისი
260 ## - PUBLICATION, DISTRIBUTION, ETC.
Name of publisher, distributor, etc. მერანი
260 ## - PUBLICATION, DISTRIBUTION, ETC.
Date of publication, distribution, etc. 1980
300 ## - PHYSICAL DESCRIPTION
Extent 315გვ.;20სმ.
300 ## - PHYSICAL DESCRIPTION
Accompanying material პორტრ.
653 ## - INDEX TERM--UNCONTROLLED
Uncontrolled term ლექსები
653 ## - INDEX TERM--UNCONTROLLED
Uncontrolled term პოემები
942 ## - ADDED ENTRY ELEMENTS (KOHA)
Koha item type წიგნი
ეგზემპლარები
Withdrawn status Lost status Damaged status Not for loan Date acquired Barcode Date last seen Price effective from Koha item type Public note
        2018-12-17 22429 2018-12-17 2018-12-17 წიგნი აგრარული ტექ.ფაკ.